| 000 | 00000nam##2200000za#4500 |
| 001 | 9.623586 |
| 003 | CaOODSP |
| 005 | 20200327174725 |
| 007 | ta |
| 008 | 150406|1995||||xxc||||| f|0| 0 fre|d |
| 020 | |a0-662-80412-0 |
| 022 | |a1188-7990 |
| 040 | |aCaOODSP|bfre |
| 043 | |an-cn--- |
| 086 | 1 |aEn1-17/22-1995F |
| 110 | 1 |aCanada. |bEnvironnement Canada. |bService de la protection de l'environnement. |
| 245 | 10|aEaux usées industrielles: application du concept effluent zéro à l'usine Uniforêt Inc. de Port-Cartier / |cpar Ronald Zaloum et Robert Ward. |
| 260 | |aMontréal - Québec : |bEnvironnement Canada. |c1995. |
| 300 | |a4p. : |bfigures en couleur, tableaux ; |c28 cm. |
| 490 | 1 |aTechnologies Saint-Laurent|x1188-7990 |
| 500 | |aN.B.: Le numéro de catalogue (En153-62/1995F) imprimé dans cette publication est incorrect. |
| 563 | |aDépliant |
| 590 | |a95-49|b1995-12-08 |
| 691 | 07|aIndustrie des pâtes et papiers|2gcpds |
| 691 | 07|aDéchets|2gcpds |
| 720 | 1 |aZaloum, Ronald |
| 720 | 1 |aWard, Robert |
| 775 | 08|tIndustrial wastewater: application of the zero effluent concept to the Uniforêt pulp mill in Port-Cartier / |w(CaOODSP)9.612687 |
| 776 | 0#|tEaux usées industrielles. Application du concept effluent zéro à l'usine Uniforêt Inc. de Port-Cartier |w(CaOODSP)9.601868 |
| 830 | #0|aTechnologies Saint-Laurent,|x1188-7990|w(CaOODSP)9.512939 |